000
00476nam a2200133Ia 4500
008
100328s9999 xx 000 0 und d
082
_b
35456
100
_a
राणे अमर
245
_a
पंचतारांकित रेसिपीजे
260
_b
पुर्णिमा अ. राणे
630
_a
पंचतारांकित रेसिपीजे
730
_a
पंचतारांकित रेसिपीजे
942
_c
BOOK
999
_c
525359
_d
525356